| 000 | 00607nam a2200181 i 4500 | ||
|---|---|---|---|
| 001 | 106687 | ||
| 003 | ES-MaACL | ||
| 005 | 20230906184234.0 | ||
| 007 | t| | ||
| 008 | 061215s1961 fr |||| |dfre d | ||
| 080 | _a1 Merleau-Ponty, Maurice | ||
| 245 | 0 | 0 | _aMaurice Merleau-Ponty. |
| 260 |
_aParis : _bLes Temps Modernes, _c[1961] |
||
| 300 |
_aP. [195]-436 ; _c23 cm. |
||
| 595 | _aN. 184-185 de la revista "Les Temps Modernes", número especial dedicado a Maurice Merleau-Ponty. | ||
| 600 | 1 | 4 |
_aMerleau-Ponty, Maurice. _980571 |
| 852 |
_aES-MaACL _jE-11442 _z. - Biblioteca Jacinto Martínez Lacalle |
||
| 999 |
_c106687 _d106687 |
||